| 000 | 00900nam a22002657a 4500 | ||
|---|---|---|---|
| 001 | 5846 | ||
| 003 | FISKH | ||
| 005 | 20250131123823.0 | ||
| 008 | 250124b cb ||||| |||| 00| 0 eng d | ||
| 020 | _a9781606310601 | ||
| 040 |
_aFISKH _beng _cFISKH _dFISKH |
||
| 050 | _aBL795.M65 | ||
| 082 | _a398.4093803 | ||
| 100 | _aKelly, Sophia | ||
| 245 |
_aWhat a Beast ! : _bA look-it-up guide to the monsters and mutants of Mythology / _cby Sophia Kelly |
||
| 260 |
_aNew York : _bScholastic , _c2010. |
||
| 300 |
_a128 pages : _bcolor illustrations ; _c23 cm . |
||
| 490 | _aMythlopedia | ||
| 520 | _aDescribes some of the creatures and monsters in Greek mythology. | ||
| 650 |
_aMonsters-- Encyclopedias _vJuvenile literature |
||
| 650 |
_aMythology, Greek -- Encyclopedias , _vJuvenile literature |
||
| 700 |
_aHansen, William _eContent consultant |
||
| 942 |
_2ddc _cBK _n0 |
||
| 999 |
_c5846 _d5846 |
||